Central Library OPAC University of Rajshahi

Elements of medical statistics. (Record no. 7683)

MARC details
000 -LEADER
fixed length control field 00663cam a22002531 4500
001 - CONTROL NUMBER
control field 7683
003 - CONTROL NUMBER IDENTIFIER
rucl marc code BD-RjUL
005 - DATE AND TIME OF LATEST TRANSACTION
control field 20211208234445.0
008 - FIXED-LENGTH DATA ELEMENTS--GENERAL INFORMATION
fixed length control field 150114s1963 ilua 001 0 eng
035 ## - SYSTEM CONTROL NUMBER
System control number (BD-RjUL)7727
System control number (OCoLC)5254483
040 ## - CATALOGING SOURCE
Original cataloging agency DLC
Transcribing agency NSySU-M
Modifying agency NSySU-M
-- DLC
Language of cataloging eng
041 ## - LANGUAGE CODE
Language code of text/sound track or separate title eng
082 ## - DEWEY DECIMAL CLASSIFICATION NUMBER
Classification number 311.2
Author mark and year SME
100 1# - MAIN ENTRY--PERSONAL NAME
Personal name Smart, J. V.
9 (RLIN) 23949
245 10 - TITLE STATEMENT
Title Elements of medical statistics.
260 ## - PUBLICATION, DISTRIBUTION, ETC. (IMPRINT)
Place of publication, distribution, etc. Springfield, Ill. :
Name of publisher, distributor, etc. Thomas ,
Date of publication, distribution, etc. c1963.
300 ## - PHYSICAL DESCRIPTION
Pagination 136 p. :
Illustrations tables ;
Size 23 cm.
504 ## - BIBLIOGRAPHY, ETC. NOTE
Bibliography, etc Includes index.
650 #0 - SUBJECT ADDED ENTRY--TOPICAL TERM
Topical term or geographic name as entry element Medical statistics.
9 (RLIN) 20465
942 ## - ADDED ENTRY ELEMENTS (KOHA)
Source of classification or shelving scheme Dewey Decimal Classification
Koha item type Books
Holdings
Lost status Source of classification or shelving scheme Damaged status Not for loan Collection code Permanent Location Current Location Shelving location Date acquired Source of acquisition Cost, normal purchase price Total Checkouts Full call number Date last seen Copy number Koha item type
  Dewey Decimal Classification   Not For Loan Non-fiction Central Library, University of Rajshahi Central Library, University of Rajshahi   25/11/1965 Zeit 35.00   311.2 SME 1963 15/01/2014 C-1 Books